Normal view
MARC view
- Dutta,AC
Entry Personal Name
001 - CONTROL NUMBER
- control field: 6923
003 - CONTROL NUMBER IDENTIFIER
- control field: OSt
005 - DATE AND TIME OF LATEST TRANSACTION
- control field: 20250110153523.0
008 - FIXED-LENGTH DATA ELEMENTS
- fixed length control field: 250110|| aca||aabn | a|a d
040 ## - CATALOGING SOURCE
- Original cataloging agency: OSt
- Transcribing agency: OSt
100 ## - HEADING--PERSONAL NAME
- Personal name: Dutta,AC
670 ## - SOURCE DATA FOUND
- Source citation: Work cat.: (OSt)19014: Dutta,AC, Botany for Degree Students, 1985.
